000 01533cam a22004454i 4500
003 PE-LiUPU
005 20250731173512.0
008 150616s r 000 0 d
035 _a(Sirsi) a7699
040 _aPE-LiUPU
_bspa
_cPE-LiUPU
_erda
049 _aPRUA
082 0 4 _a291.21
_bC71
_221
100 1 _aColinon, Maurice,
_eautor.
245 1 0 _aESPIRIT ES-TU LA?.
264 1 _aParis :
_bLes Editions du Centurion,
_c1956.
300 _a235 páginas ;
_c19 cm.
336 _atext
_2rdacontent
337 _aunmediated
_2rdamedia
338 _avolume
_2rdacarrier
505 0 _aA la poursuite des fantomes.- Un fantome nomme "pied-fourchu".- Les grands mediums tels qu'ils furent.- Comment "l'esprit" vient aux savants.- Le spiritisme sans les "esprits2.- La religion spirite.
526 _aSEG42
526 _aSEG41
526 _aSEG40
526 _aSEG39
526 _aP94
526 _aP87
526 _aP86
526 _aP85
526 _aP77
526 _aP76
526 _aP35
650 0 4 _aESPIRITISMO.
910 _ajck
_bjvq
_cjck
942 _2ddc
_cBOOK
949 _a291.21 C71
_wDEWEY
_c1
_i41310
_lCCODEBUL1
_mBUL
_p00.00
_r0
_sY
_tBOOK
_u19960730
_xTEOLOGIA
_zUNKNOWN
_0COMPRA
_o.STAFF. Colección General
994 _aC0
_bPEPRU
596 _a1
999 _a291.21 C71
_wDEWEY
_c58970
_i41310
_f2021-11-11
_g5
_lCCODEBUL1
_mBUL
_r0
_sY
_tBOOK
_u2015-6-16
_xTEOLOGIA
_zUNKNOWN
_0COMPRA
_o.STAFF. Colección General
_d58970
980 _81
_gALBERTO SANCHEZ Responsable de Automatización